ZWYCIEZCY ZŁOTEJ PIŁKI 2000-2023 - Statystyki

Ogólne statystyki
  • Ten quiz został rozwiązany 214 razy
  • Średni wynik to 19 z 24
Statystyki odpowiedzi
rok zwyciezca % Poprawnych
2009 messi
99%
2010 messi
99%
2011 messi
99%
2012 messi
99%
2015 messi
99%
2019 messi
99%
2021 messi
99%
2023 messi
99%
2008 cristiano ronaldo
94%
2013 cristiano ronaldo
94%
2014 cristiano ronaldo
94%
2016 cristiano ronaldo
94%
2017 cristiano ronaldo
94%
2018 modrić
90%
2022 benzema
88%
2020 lewandowski
85%
2005 ronaldinho
78%
2007 kaka
73%
2002 ronaldo nazario
71%
2006 cannavaro
51%
2003 nedved
45%
2000 figo
42%
2001 owen
33%
2004 szewczenko
31%
Nie znaleziono quizów pasujących do podanych kryteriów
Rozkład punktacji
Procent ludzi z każdym wynikiem
Percentyl według liczby udzielonych odpowiedzi
Twoja historia wyników
Nie rozwiązałeś tego quizu